000 00327nam a2200157Ia 4500
008 100122s9999 xx 000 0 und d
082 _b40194
_a823
100 _aSULITZER P L
245 _aMONEY
250 _a0
260 _bGRAFTON BOOKS
_c1985
300 _a336
630 _aMONEY
730 _aMONEY
942 _cBOOK
999 _c372301
_d372298